Представление документа в формате RUSMARC

ПолеНазваниеЗначение
  Тип записи a
  Библиографический уровень m
001 Контрольный номер RU/SLIB/B/208747490
005 Дата корректировки 20201206204118.4
010 Индекс ISBN __
d Цена 0-50
101 Язык документа 0_
a Язык текста rus
200 Заглавие и сведения об ответственности 1_
a Заглавие Геннади Г. Н. (1826-1880)
f Первые сведения об ответственности Л. М. Равич
b Общее обозначение материала Текст
210 Выходные данные __
a Место издания М.
c Издательство Книга
d Дата издания 1981
215 Физическое описание __
a Объем 128 с.
225 Серия __
a Серия Деятели книги
600 Персоналии __
a Персоналии (Фамилия) Геннади, Г. Н.
f Даты 1826-1880
606 Тематические рубрики __
a Основная рубрика Библиотечное дело
606 Тематические рубрики __
a Основная рубрика Библиографоведение
z Хронологическая подрубрика 19 в.
y Географическая подрубрика Россия
610 Ключевые слова __
a Ключевые слова персоналии; биографические повести; биографии; библиотековеды; история библиографии; ученые
686 Индексы других классификаций __
a Классификационный индекс 78.53д; В78.5
700 Автор _1
a Фамилия Равич
b Имя Л. М.
4 Код отношения 070
801 Источник записи _0
a Страна RU
b Организация Муниципальное бюджетное учреждение культуры "Централизованная библиотечная система" г. Сургут (Центральная городская библиотека им. А. С. Пушкина)
g Правила каталогизации КиК/Лебедева
801 Источник записи _1
a Страна RU
b Организация Муниципальное бюджетное учреждение культуры "Централизованная библиотечная система" г. Сургут (Центральная городская библиотека им. А. С. Пушкина)
g Правила каталогизации КиК/Лебедева
852 Данные о местонахождении __
j Шифр хранения 78.53д
i Авторский знак Р 13
p Инвентарный номер 8280
901 Тип документа __
t Тип документа m
990 Данные о заказе (DOS) __
j Количество экземпляров (DOS) 4